01104 a2200229 4500003000500000005001700005010001600022020001500038040000900053082001400062100002000076245009200096260003100188300003400219440004100253505032400294650004700618700002100665700002600686856008800712856007400800Nust20230127115744.0 a 89005728 a0471863890 cNust00a803.6,SEB1 aSeborg, Dale E.10aProcess dynamics and control / cDale E. Seborg, Thomas F. Edgar, Duncan A. Mellichamp. aNew York :bWiley,cc1989. axvi, 717 p. :bill. ;c26 cm. 0aWiley series in chemical engineering aPart.1: Introductory Concepts (Page-3), Part.2: Transient Behavior of Processes (Page-43), Part.3: Feedback Control (Page-183), Part.4: Frequency Response Methods (Page-313), Part.5: Advanced Control Techniques (Page-387), Part.6: Digital Control Techniques (Page-501), Part.7: Process Control Strategies (Page-673).  0aChemical process controlxData processing.1 aEdgar, Thomas F.1 aMellichamp, Duncan A.423Publisher descriptionuhttp://www.loc.gov/catdir/description/wiley031/89005728.html423Table of Contentsuhttp://www.loc.gov/catdir/toc/onix01/89005728.html